000 00857nam0a22002531 4500
001 rc\876342
005 20250622025306.0
035 _a(NLR Aleph) 006054319
090 _a4840102
_c4840102
100 _a20041129d1984 |||y0rusy50 ca
101 0 _arus
102 _aRU
105 _aa |||||||||
200 1 _aРазработка и составление социально-экономических карт
_eУчеб. пособие по спецкурсу
210 _aПермь
_cПГУ
_d1984
215 _a88 с.
_cил.
_d20
300 _aВ надзаг.: Перм. гос. ун-т им. А.М. Горького
320 _aБиблиогр.: с. 87
700 1 _aЧепкасов
_bП.Н.
_gПавел Николаевич
801 0 _aRU
_bNLR
_gpsbo
801 1 _aRU
_bELAR
_2rusmarc
852 _aNLR
_j85-4/3863
942 _cBOOK
980 _aNB